Statistics for Cantons of Switzerland

Click here to take the quiz!

General Stats

  • This quiz has been taken 40 times
  • The average score is 16 of 26

Answer Stats

Canton % Correct
Bern
95%
Zürich
89%
Geneva
87%
Basel-Landschaft
74%
Basel-Stadt
74%
Neuchâtel
66%
Zug
63%
Vaud
63%
Uri
63%
Ticino
63%
Fribourg
61%
Luzern
61%
St. Gallen
61%
Schwyz
58%
Valais
55%
Aargau
55%
Jura
55%
Solothurn
53%
Appenzell Ausserrhoden
53%
Graubünden
53%
Appenzell Innerrhoden
53%
Glarus
50%
Schaffhausen
47%
Thurgau
47%
Obwalden
45%
Nidwalden
45%

Score Distribution

Percentile by Number Answered

Percent of People with Each Score

Your Score History

You have not taken this quiz